000 00829cam a2200193 4500
001 ##L132822
008 060310n2004 000 0 eng u
035 _a(Sirsi) u132822
041 0 _aeng
050 0 4 _a346.41043 $2 18
110 2 _aUnited Kingdom
_bDepartment for Constitutional Affairs
_94899
245 0 4 _aThe adjudicator to HM Land Registry
_ba short guide for users
260 _aLondon
_bDepartment for Constitutional Affairs
_c2004
300 _a16p
_c30cm
505 2 _aIntroduction -- Procedure -- Orders -- Hearings -- Decisions -- Costs and fees -- Appeals -- Standards and complaints -- Glossary
520 _aA guide to the role and procedures of the Adjudicator to HM Land Registry.
690 _aPROPERTY-PROPERTY ACQUISITION AND DISPOSAL-REGISTRATION OF TITLE TO PROPERTY-LAND REGISTRATION
942 _n0
999 _c105246
_d105246